000 02471nam0a2200421 i 4500
001 RU\NLR\BIBL_A\012477736
005 20260408070359.0
010 _a9785288060564
_91000
021 _aRU
_b2020-897и
_9АЛ-П-173
035 _a(RuMoRGB)010521421
035 _a(NLR Aleph) 012477736
090 _a12113348
_c12113348
100 _a20210317d2020 u y0rusy50 ca
101 0 _arus
_aeng
102 _aRU
105 _aach|z|||000zy
181 0 _ab3
_bxb2e
181 0 _ai1
_baxxe
182 0 _an
200 1 _aAlma mater
_eархитектурный облик Санкт-Петербургского государственного университета
_e[фотоальбом
_fфотографии: И.В. Чарин
_gавторы и составители: А.Е. Абрамова и др.
_gвступительное слово: Т.А. Голикова, член-корреспондент РАН, профессор Н.М. Кропачев]
203 _aИзображение
_aТекст
_bвизуальные
_cнепосредственные
210 _aСанкт-Петербург
_cСанкт-Петербургский государственный университет
_d2020
215 _a192 с.
_cил., цв. ил., портр., факс.
_d29
300 _aЧасть текста парал. рус., англ.
300 _aНа 6-7-й с. часть информации в QR-кодах ссылок
320 _aБиблиогр. в подстроч. примеч.
601 0 2 _aСанкт-Петербургский государственный университет
_jФотоальбомы
_xЗдания
_xАрхитектура
_92388760
_3RU\NLR\AUTH\661424721
601 0 2 _aСанкт-Петербургский государственный университет
_jФотоальбомы
_xИстория
_92093858
_3RU\NLR\AUTH\661267083
686 1 _aЩ113(2Р=Рус)92Санкт-Петербург7Гос. университет
686 1 _aЧ484(2)711.9Петербургский университет
702 1 _4220
_8rus
_7ca
_aАбрамова
_bА. Е.
_cискусствовед
_3RU\NLR\AUTH\7792261
_975188
711 0 2 _aСанкт-Петербургский государственный университет
_3RU\NLR\AUTH\8810043151
_9585805
942 _cBOOK
980 _aNBR